Osmo-conditioning improves guayule seed quality (Record no. 64492)

MARC details
000 -LEADER
fixed length control field 00376nam a2200145Ia 4500
100 ## - MAIN ENTRY--AUTHOR NAME
Personal name Chandra G R
245 #0 - TITLE STATEMENT
Title Osmo-conditioning improves guayule seed quality
260 ## - PUBLICATION, DISTRIBUTION, ETC. (IMPRINT)
Name of publisher Bioresource technology
Year of publication 1991
300 ## - PHYSICAL DESCRIPTION
Number of Pages 141-145
500 ## - GENERAL NOTE
General note Source Year: 1992
650 ## - SUBJECT ADDED ENTRY--TOPICAL TERM
Topical Term Osmo-conditioning
856 ## - ELECTRONIC LOCATION AND ACCESS
Uniform Resource Identifier PBA
942 ## - ADDED ENTRY ELEMENTS (KOHA)
Koha item type Journals
Holdings
Withdrawn status Lost status Damaged status Not for loan Home library Current library Date acquired Serial Enumeration / chronology Koha item type
      Journals RRII Library RRII Library 17/12/2021 Volume 35, Issue 2 Journals